Statistiques concernant Pays par Antipode

Cliquez ici pour prendre le quiz!

Statistiques générales

  • Ce quiz a été pris 89 fois
    (37 depuis la dernière actualisation)
  • Le résultat moyen est 7 sur 19

Statistiques - réponses

Pays Point Antipodal (Pays) % Correct
ChiliRussie
86%
Hong KongArgentine
77%
ChiliChine
77%
Japon (Okinawa)Brésil
74%
FranceNouvelle-Zélande (Ile Chatham)
57%
EspagneNouvelle-Zélande
57%
ColombieIndonésie
49%
CambodgePérou
40%
TaïwanParaguay
31%
SingapourEquateur
26%
Corée du SudUruguay
23%
AlgérieTonga
20%
GhanaTuvalu
11%
France (Wallis-et-Futuna)Niger
11%
FidjiMali
11%
France (Polynésie Francaise)Soudan
3%
Etats-Unis (Hawaï)Botswana
3%
VanuatuMauritanie
3%

Distribution des résultats

Percentile par nombre de réponses

% des personnes avec chaque résultat

Votre développement - résultats

Vous n’avez pas pris ce quiz depuis la dernière actualisation